000 004210000a22001690004500
003 MACL
005 20150704160149.0
008 150704b xxu||||| |||| 00| 0 eng d
040 _aMACL
_cMACL
041 _aEnglish
100 _aRadhakrishnan, S.
_9673
245 _aReligion And Society
260 _bHarper Collins Publishers
_c1995
_aNew Delhi
350 _a95
650 _aSocial Science
_929
942 _cBK
_k300
_2ddc
999 _c3103
_d3103